000 00331nam a22001337a 4500
008 170620b xxu||||| |||| 00| 0 eng d
020 _a9780198516675
041 _aeng
080 _a32
100 _a20
101 _aSHP
245 _aWHITHER IRAN REFORM DOMENSTIC POLITICS NATIONAL SECURITY
_cCHUBIN.SH
942 _2udc
_cBK
999 _c18313
_d18313